[Event "Scarborough CC Howard Ridout Swiss"]
[Site "Toronto CAN"]
[Date "2009.09.24"]
[Round "3"]
[White "Radpey, Abdolreza"]
[Black "Bellomo, Joe"]
[Result "1-0"]
[WhiteElo "1488"]
[BlackElo "1736"]
[PlyCount "119"]
[GameId "2160767910096793"]
[EventDate "2009.09.10"]
[EventType "swiss"]
[EventRounds "7"]
[EventCountry "CAN"]
[SourceTitle "EXT 2011"]
[Source "ChessBase"]
[SourceDate "2011.11.26"]
[SourceVersion "1"]
[SourceVersionDate "2011.11.26"]
[SourceQuality "1"]

1. Nf3 d5 2. d4 Nf6 3. Bf4 e6 4. e3 Be7 5. Bd3 O-O 6. O-O Nbd7 7. c4 dxc4 8. Bxc4 Nb6 9. Bd3 Nbd5 10. Bg3 b6 11. a3 Bb7 12. e4 c5 13. exd5 Nxd5 14. Qc2 g6 15. dxc5 Bxc5 16. Rd1 Rc8 17. Nc3 Be7 18. Qe2 Bf6 19. Nxd5 Bxd5 20. Ba6 Rc5 21. Rab1 Qa8 22. Ne1 Bb3 23. Rd7 Qc6 24. Rc7 Qd5 25. Rxc5 bxc5 26. Nd3 Bd4 27. Ne5 Rd8 28. h3 Qa8 29. Bc4 Bxc4 30. Nxc4 Qd5 31. b3 Qf5 32. Rd1 Qd5 33. Kh2 Qb7 34. Qc2 Qa6 35. a4 Rd7 36. Qe4 Qc8 37. Rd3 Qd8 38. Ne5 Rd5 39. Nc6 Qd7 40. Nxd4 cxd4 41. Bh4 f5 42. Qf4 e5 43. Qh6 e4 44. Rg3 Qd6 45. Bg5 d3 46. Bd2 Qe5 47. Bb4 Rd8 48. Qd2 Rc8 49. h4 Rc2 50. Qg5 Kf7 51. h5 Rc6 52. Qd8 Qe8 53. hxg6+ hxg6 54. Qd4 Qc8 55. Rh3 Qc7+ 56. g3 Ke6 57. Rh6 Qf7 58. f4 Rc2+ 59. Kh3 Rc1 60. Qd6# 1-0

[Event "Scarborough CC Howard Ridout Swiss"]
[Site "Toronto CAN"]
[Date "2009.09.24"]
[Round "3"]
[White "Rapoport, Alexander"]
[Black "Henry, Liam"]
[Result "0-1"]
[WhiteElo "1814"]
[BlackElo "2275"]
[PlyCount "96"]
[GameId "2160767910096794"]
[EventDate "2009.09.10"]
[EventType "swiss"]
[EventRounds "7"]
[EventCountry "CAN"]

1. b3 e5 2. e4 Nf6 3. Bb2 Nxe4 4. Qe2 d5 5. Nc3 Nf6 6. Qxe5+ Be7 7. O-O-O O-O 8. Nxd5 Qxd5 9. Qxe7 Nc6 10. Qe3 Bf5 11. Bc4 Qxg2 12. Ne2 Rfe8 13. Qf4 Qe4 14. Qxe4 Nxe4 15. Rhg1 g6 16. Nf4 Ne5 17. Nd5 Rac8 18. f3 Nxf3 19. d3 c6 20. dxe4 cxd5 21. exf5 Nxg1 22. Bxd5 Ne2+ 23. Kd2 Rcd8 24. c4 Nf4 25. Kc3 Nxd5+ 26. cxd5 Re5 27. Kc4 Rxf5 28. Ba3 f6 29. Be7 Rd7 30. d6 Kf7 31. Re1 Re5 32. Rxe5 fxe5 33. Kd5 Rxe7 34. dxe7 e4 35. e8=Q+ Kxe8 36. Kxe4 Kf7 37. Ke5 Ke7 38. h3 h6 39. b4 b5 40. h4 h5 41. a3 a6 42. Ke4 Ke6 43. Kf4 Kf6 44. Ke4 g5 45. hxg5+ Kxg5 46. Kf3 h4 47. Ke3 Kg4 48. Kf2 h3 0-1

[Event "Scarborough CC Howard Ridout Swiss"]
[Site "Toronto CAN"]
[Date "2009.09.24"]
[Round "3"]
[White "Rutherdale, William"]
[Black "Wiebe, Daniel"]
[Result "1-0"]
[WhiteElo "1741"]
[BlackElo "1929"]
[PlyCount "69"]
[GameId "2160767910096795"]
[EventDate "2009.09.10"]
[EventType "swiss"]
[EventRounds "7"]
[EventCountry "CAN"]
[SourceTitle "EXT 2011"]
[Source "ChessBase"]
[SourceDate "2011.11.26"]
[SourceVersion "1"]
[SourceVersionDate "2011.11.26"]
[SourceQuality "1"]

1. d4 Nf6 2. Nf3 g6 3. g3 Bg7 4. Bg2 d6 5. c4 O-O 6. Nc3 Nbd7 7. O-O Re8 8. b3 e5 9. e3 Kh8 10. Bb2 Ng8 11. dxe5 Nxe5 12. Nd4 Bg4 13. f3 Bd7 14. Qd2 Nc6 15. Nd5 Nf6 16. Nxc6 Bxc6 17. Nxf6 Bxf6 18. Rfe1 Kg8 19. Rad1 b6 20. Bxf6 Qxf6 21. Qd4 Qf5 22. f4 Bxg2 23. Kxg2 Qa5 24. Rd2 Qb4 25. Red1 a5 26. Rd3 a4 27. bxa4 Rxa4 28. R1d2 Qxc4 29. Qb2 Rea8 30. a3 Qa6 31. Rc3 Rxa3 32. Rxc7 Rxe3 33. Qf6 Rf8 34. Rxd6 Re2+ 35. Kh3 1-0

[Event "Scarborough CC Howard Ridout Swiss"]
[Site "Toronto CAN"]
[Date "2009.09.24"]
[Round "3"]
[White "Sellars, Karl"]
[Black "Corvo, Paul"]
[Result "1-0"]
[WhiteElo "2268"]
[BlackElo "1814"]
[PlyCount "43"]
[GameId "2160767910096796"]
[EventDate "2009.09.10"]
[EventType "swiss"]
[EventRounds "7"]
[EventCountry "CAN"]
[SourceTitle "EXT 2011"]
[Source "ChessBase"]
[SourceDate "2011.11.26"]
[SourceVersion "1"]
[SourceVersionDate "2011.11.26"]
[SourceQuality "1"]

1. e4 e5 2. Nf3 Nc6 3. Bc4 Nf6 4. d3 Bc5 5. O-O O-O 6. c3 d6 7. Nbd2 Be6 8. Bb5 a6 9. Ba4 b5 10. Bb3 h6 11. Re1 Ng4 12. Re2 Qe7 13. Nf1 Rad8 14. d4 Bxb3 15. axb3 exd4 16. cxd4 Bb6 17. Ng3 Qf6 18. Nh5 Qe7 19. Nf4 Nxf2 20. Kxf2 Qf6 21. Nd5 Bxd4+ 22. Ke1 1-0

[Event "Scarborough CC Howard Ridout Swiss"]
[Site "Toronto CAN"]
[Date "2009.09.24"]
[Round "3"]
[White "Smith, Maurice"]
[Black "Maister, Martin"]
[Result "0-1"]
[WhiteElo "1683"]
[BlackElo "1839"]
[PlyCount "64"]
[GameId "2160767910096797"]
[EventDate "2009.09.10"]
[EventType "swiss"]
[EventRounds "7"]
[EventCountry "CAN"]
[SourceTitle "EXT 2011"]
[Source "ChessBase"]
[SourceDate "2011.11.26"]
[SourceVersion "1"]
[SourceVersionDate "2011.11.26"]
[SourceQuality "1"]

1. d4 Nf6 2. c4 g6 3. Nc3 d5 4. Nf3 Bg7 5. e3 O-O 6. Bd3 dxc4 7. Bxc4 c5 8. O-O cxd4 9. Nxd4 Qc7 10. Be2 Rd8 11. Qe1 a6 12. Bd2 Ng4 13. Nf3 Nc6 14. h3 Nge5 15. Rc1 Nxf3+ 16. Bxf3 Ne5 17. Be2 Nc4 18. Bxc4 Qxc4 19. b3 Qd3 20. Rd1 Qc2 21. Na4 Qxa2 22. Nb6 Rb8 23. Bc1 Be6 24. Rxd8+ Rxd8 25. Qb4 Bf6 26. Nc4 b5 27. Na5 Qc2 28. Ba3 Rd1 29. Rxd1 Qxd1+ 30. Kh2 Be5+ 31. f4 Bd6 32. Qe4 Bd5 0-1

[Event "Scarborough CC Howard Ridout Swiss"]
[Site "Toronto CAN"]
[Date "2009.09.24"]
[Round "3"]
[White "Verde, Pino"]
[Black "Armstrong, Robert J"]
[Result "1/2-1/2"]
[WhiteElo "1757"]
[BlackElo "1804"]
[PlyCount "94"]
[GameId "2160767910096798"]
[EventDate "2009.09.10"]
[EventType "swiss"]
[EventRounds "7"]
[EventCountry "CAN"]
[SourceTitle "EXT 2011"]
[Source "ChessBase"]
[SourceDate "2011.11.26"]
[SourceVersion "1"]
[SourceVersionDate "2011.11.26"]
[SourceQuality "1"]

1. b3 d5 2. Bb2 Nf6 3. g3 c5 4. Bg2 Nc6 5. c4 Be6 6. Nh3 dxc4 7. Nf4 Bd5 8. Nxd5 Nxd5 9. bxc4 Nf6 10. Qb3 Qc7 11. Nc3 a6 12. Nd5 Nxd5 13. cxd5 Na5 14. Qa4+ b5 15. Qe4 Rd8 16. Be5 Qd7 17. Bc3 Nc4 18. O-O Nd6 19. Qf4 Qf5 20. Qe3 b4 21. Bxb4 cxb4 22. Qb6 Qd7 23. Qxa6 g6 24. Rab1 Rb8 25. Qc6 Bg7 26. Rb3 Kd8 27. e4 Qxc6 28. dxc6 Kc7 29. Rc1 Rb6 30. Rbb1 Bd4 31. Kf1 e5 32. Ke2 Rhb8 33. f4 Rxc6 34. fxe5 Bxe5 35. Rxc6+ Kxc6 36. d4 Bxd4 37. e5+ Kc5 38. exd6 Kxd6 39. Rd1 Ke5 40. Kd3 Bc3 41. Kc2 Rb6 42. Rd5+ Kf6 43. Bf1 Re6 44. a4 Re1 45. Bc4 Rg1 46. Rd7 Rg2+ 47. Kc1 Rg1+ 1/2-1/2

[Event "Scarborough CC Howard Ridout Swiss"]
[Site "Toronto CAN"]
[Date "2009.09.24"]
[Round "3"]
[White "Wu, Kevin"]
[Black "Mesiti, Silvano"]
[Result "1-0"]
[WhiteElo "1954"]
[BlackElo "1774"]
[PlyCount "75"]
[GameId "2160767910096799"]
[EventDate "2009.09.10"]
[EventType "swiss"]
[EventRounds "7"]
[EventCountry "CAN"]
[SourceTitle "EXT 2011"]
[Source "ChessBase"]
[SourceDate "2011.11.26"]
[SourceVersion "1"]
[SourceVersionDate "2011.11.26"]
[SourceQuality "1"]

1. e4 e5 2. Nf3 d6 3. Nc3 Nf6 4. d4 exd4 5. Nxd4 Be7 6. f3 O-O 7. Be3 Bd7 8. g4 Nc6 9. Nf5 Ne5 10. Be2 Ne8 11. f4 Ng6 12. g5 Qc8 13. Nxe7+ Nxe7 14. f5 Nc6 15. Qd2 Ne5 16. O-O-O Bc6 17. Rhg1 a6 18. h4 b5 19. h5 b4 20. Nd5 Bxd5 21. Qxd5 c6 22. Qd2 c5 23. g6 fxg6 24. hxg6 h6 25. Bxh6 gxh6 26. Qxh6 Qc7 27. g7 Nxg7 28. f6 Rxf6 29. Qxf6 Qf7 30. Qxd6 Qxa2 31. Rxg7+ Kxg7 32. Qxe5+ Kf8 33. Rf1+ Qf7 34. Qd6+ Ke8 35. Bh5 Ra7 36. Rf6 Re7 37. Qb8+ Kd7 38. Rd6# 1-0

[Event "Scarborough CC Howard Ridout Swiss"]
[Site "Toronto CAN"]
[Date "2009.09.24"]
[Round "3"]
[White "Yuan, Yuanling"]
[Black "Pedersen, Rune"]
[Result "0-1"]
[WhiteElo "2301"]
[BlackElo "2076"]
[PlyCount "94"]
[GameId "2160767910096800"]
[EventDate "2009.09.10"]
[EventType "swiss"]
[EventRounds "7"]
[EventCountry "CAN"]
[SourceTitle "EXT 2011"]
[Source "ChessBase"]
[SourceDate "2011.11.26"]
[SourceVersion "1"]
[SourceVersionDate "2011.11.26"]
[SourceQuality "1"]

1. e4 c5 2. Nf3 Nc6 3. d4 cxd4 4. Nxd4 g6 5. c4 Nf6 6. Nc3 Bg7 7. Be3 Ng4 8. Qxg4 Nxd4 9. Qd1 Ne6 10. Qd2 Qa5 11. Be2 b6 12. O-O Bb7 13. f3 g5 14. Rfd1 d6 15. Rac1 Be5 16. g3 h5 17. a3 Bxc3 18. Rxc3 h4 19. g4 Qe5 20. b4 O-O 21. Rdc1 Rfd8 22. Bf1 f6 23. Qf2 Kg7 24. a4 Rdc8 25. Ra3 a5 26. Rb1 axb4 27. Rxb4 Qa5 28. Rb5 Qa7 29. Bxb6 Qb8 30. Be3 Qc7 31. a5 Ba6 32. Rb6 Nc5 33. Qb2 Nd7 34. Rb4 Ne5 35. Be2 Qc6 36. Rc3 Qd7 37. h3 Rc6 38. f4 gxf4 39. Bxf4 Qe6 40. Qc2 Rac8 41. Bd2 Bxc4 42. Be1 Bxe2 43. Rxc6 Nxc6 44. Rb6 Nd4 45. Qb2 Qe5 46. Bf2 Nf3+ 47. Kg2 Qh2# 0-1

[Event "Scarborough CC Howard Ridout Swiss"]
[Site "Toronto CAN"]
[Date "2009.09.24"]
[Round "3"]
[White "Zhou, Kevin"]
[Black "Al Ganabi, Yasir"]
[Result "1-0"]
[WhiteElo "1826"]
[BlackElo "1400"]
[PlyCount "79"]
[GameId "2160767910096801"]
[EventDate "2009.09.10"]
[EventType "swiss"]
[EventRounds "7"]
[EventCountry "CAN"]
[SourceTitle "EXT 2011"]
[Source "ChessBase"]
[SourceDate "2011.11.26"]
[SourceVersion "1"]
[SourceVersionDate "2011.11.26"]
[SourceQuality "1"]

1. e4 e5 2. Nf3 Nc6 3. Bb5 d6 4. O-O Nf6 5. Re1 a6 6. Ba4 Bd7 7. c3 d5 8. exd5 Nxd5 9. Nxe5 Nxe5 10. Rxe5+ Ne7 11. d4 Bxa4 12. Qxa4+ c6 13. Nd2 Qd6 14. Qa5 f6 15. Re1 g6 16. Ne4 Qe6 17. Bf4 Nf5 18. Nxf6+ Ke7 19. Rxe6+ Kxe6 20. Qe5+ Kf7 21. Re1 Bd6 22. Qe6+ Kg7 23. Bxd6 Nxd6 24. Qxd6 Rhf8 25. Re7+ Rf7 26. Ne8+ Kf8 27. Rxf7+ Kxf7 28. Qd7+ Kf8 29. Qg7+ Kxe8 30. Qg8+ Ke7 31. Qxa8 Kf7 32. Qxb7+ Kf6 33. Qxc6+ Kg7 34. d5 h5 35. d6 Kh6 36. h4 g5 37. d7+ Kg7 38. d8=R Kf7 39. Rd7+ Kf8 40. Qc8# 1-0

[Event "Scarborough CC Howard Ridout Swiss"]
[Site "Toronto CAN"]
[Date "2009.10.01"]
[Round "4"]
[White "Al Ganabi, Haqi"]
[Black "Rutherdale, William"]
[Result "1-0"]
[WhiteElo "1882"]
[BlackElo "1741"]
[PlyCount "45"]
[GameId "2160767910096802"]
[EventDate "2009.09.10"]
[EventType "swiss"]
[EventRounds "7"]
[EventCountry "CAN"]
[SourceTitle "EXT 2011"]
[Source "ChessBase"]
[SourceDate "2011.11.26"]
[SourceVersion "1"]
[SourceVersionDate "2011.11.26"]
[SourceQuality "1"]

1. e4 e5 2. f4 exf4 3. Nf3 g5 4. Bc4 Bg7 5. O-O d6 6. d4 h6 7. c3 Nc6 8. h4 Qe7 9. Na3 Bd7 10. b4 O-O-O 11. b5 Nb8 12. Qa4 Nf6 13. Qxa7 Rde8 14. Rb1 Be6 15. Bd3 Nfd7 16. e5 dxe5 17. Be4 Qd6 18. Qxb7+ Kd8 19. b6 c5 20. d5 Bg4 21. Nc4 Qf6 22. d6 Bxf3 23. Qc7# 1-0

[Event "Scarborough CC Howard Ridout Swiss"]
[Site "Toronto CAN"]
[Date "2009.10.01"]
[Round "4"]
[White "Armstrong, Robert J"]
[Black "Manalo, Pepin"]
[Result "1-0"]
[WhiteElo "1804"]
[BlackElo "1863"]
[PlyCount "92"]
[GameId "2160767910096803"]
[EventDate "2009.09.10"]
[EventType "swiss"]
[EventRounds "7"]
[EventCountry "CAN"]
[SourceTitle "EXT 2011"]
[Source "ChessBase"]
[SourceDate "2011.11.26"]
[SourceVersion "1"]
[SourceVersionDate "2011.11.26"]
[SourceQuality "1"]

1. d4 Nf6 2. c4 g6 3. Nc3 Bg7 4. e4 d6 5. f3 O-O 6. Be3 Nbd7 7. Nge2 e5 8. d5 Qe7 9. g4 h5 10. Bg5 a6 11. gxh5 gxh5 12. Rg1 Kh8 13. Qd2 Rg8 14. Ng3 Qf8 15. Nf5 Kh7 16. Bh3 Rb8 17. O-O-O b5 18. Rg2 b4 19. Na4 b3 20. a3 Bh8 21. Rdg1 Rg6 22. Nh4 Nb6 23. Bxc8 Rxc8 24. Nxg6 fxg6 25. Nxb6 cxb6 26. Qb4 b5 27. Qxb3 Rxc4+ 28. Rc2 Qc8 29. Rxc4 bxc4 30. Qb6 c3 31. Qxd6 Nd7 32. Qe7+ Bg7 33. Qd6 cxb2+ 34. Kxb2 Qb7+ 35. Qb4 Qa7 36. Rg2 Nc5 37. Rd2 a5 38. Qb5 a4 39. Be3 Bf8 40. d6 Qb7 41. Qxb7+ Nxb7 42. d7 Be7 43. Bb6 g5 44. Rd5 Kg6 45. d8=Q Nxd8 46. Bxd8 Bf8 1-0

[Event "Scarborough CC Howard Ridout Swiss"]
[Site "Toronto CAN"]
[Date "2009.10.01"]
[Round "4"]
[White "Bellomo, Joe"]
[Black "Gaffney, Kevin"]
[Result "0-1"]
[WhiteElo "1736"]
[BlackElo "1568"]
[PlyCount "68"]
[GameId "2160767910096804"]
[EventDate "2009.09.10"]
[EventType "swiss"]
[EventRounds "7"]
[EventCountry "CAN"]
[SourceTitle "EXT 2011"]
[Source "ChessBase"]
[SourceDate "2011.11.26"]
[SourceVersion "1"]
[SourceVersionDate "2011.11.26"]
[SourceQuality "1"]

1. e4 e5 2. Nf3 Nc6 3. Bb5 Nf6 4. d3 Bc5 5. O-O d6 6. c3 a6 7. Ba4 O-O 8. Nbd2 Bg4 9. Bc2 Re8 10. h3 Bh5 11. Re1 d5 12. Nf1 dxe4 13. dxe4 Qxd1 14. Bxd1 Rad8 15. Bg5 Rd6 16. g4 Bg6 17. Bxf6 Rxf6 18. N1h2 Nd8 19. Bb3 Kf8 20. Rad1 Ne6 21. Bxe6 Rexe6 22. Rd5 Bb6 23. Re2 Rf4 24. Ng5 Ref6 25. Rxe5 Rxf2 26. Rxf2 Rxf2 27. Kh1 Rxb2 28. Nhf3 h6 29. Ne6+ fxe6 30. Rxe6 Bf7 31. Re5 Rxa2 32. Rf5 Kg8 33. Ne5 Rf2 34. Nf3 Bg6 0-1

[Event "Scarborough CC Howard Ridout Swiss"]
[Site "Toronto CAN"]
[Date "2009.10.01"]
[Round "4"]
[White "Douglas, Richard"]
[Black "Lamb, Bryan"]
[Result "0-1"]
[WhiteElo "1859"]
[BlackElo "2232"]
[PlyCount "56"]
[GameId "2160767910096806"]
[EventDate "2009.09.10"]
[EventType "swiss"]
[EventRounds "7"]
[EventCountry "CAN"]
[SourceTitle "EXT 2011"]
[Source "ChessBase"]
[SourceDate "2011.11.26"]
[SourceVersion "1"]
[SourceVersionDate "2011.11.26"]
[SourceQuality "1"]

1. e4 c5 2. Nc3 Nc6 3. f4 g6 4. Nf3 Bg7 5. Bc4 e6 6. O-O Nge7 7. d3 d5 8. Bb5 O-O 9. Bxc6 Nxc6 10. e5 a6 11. h4 f6 12. exf6 Bxf6 13. Qe1 Nd4 14. Nxd4 cxd4 15. Ne2 Bxh4 16. g3 Bf6 17. Qf2 Bg7 18. Nxd4 e5 19. Ne2 g5 20. Qg2 Bg4 21. fxg5 Qb6+ 22. Kh1 Rxf1+ 23. Qxf1 Rf8 24. Qe1 Bf3+ 25. Kh2 Bxe2 26. Qh1 Rf2+ 27. Kh3 Qe6+ 28. g4 Qxg4# 0-1

[Event "Scarborough CC Howard Ridout Swiss"]
[Site "Toronto CAN"]
[Date "2009.10.01"]
[Round "4"]
[White "Garel, Rick"]
[Black "Radpey, Abdolreza"]
[Result "1-0"]
[WhiteElo "1915"]
[BlackElo "1488"]
[PlyCount "67"]
[GameId "2160767910096807"]
[EventDate "2009.09.10"]
[EventType "swiss"]
[EventRounds "7"]
[EventCountry "CAN"]
[SourceTitle "EXT 2011"]
[Source "ChessBase"]
[SourceDate "2011.11.26"]
[SourceVersion "1"]
[SourceVersionDate "2011.11.26"]
[SourceQuality "1"]

1. e4 c5 2. Nf3 Nc6 3. d4 cxd4 4. Nxd4 e5 5. Nb5 d6 6. N1c3 a6 7. Na3 b5 8. Nd5 Bb7 9. Be3 Qa5+ 10. c3 Nd4 11. Bxd4 Bxd5 12. exd5 exd4 13. Qxd4 Nf6 14. Bd3 Be7 15. O-O O-O 16. Rfe1 Qc7 17. Nc2 Rfe8 18. a4 Qd7 19. Nb4 Ng4 20. Nc6 Bf6 21. Qf4 bxa4 22. Bf5 Qb7 23. Qxg4 Qxb2 24. Qxa4 Rxe1+ 25. Rxe1 g6 26. Bd7 Bxc3 27. Rd1 a5 28. g3 Ra6 29. Qc4 Rb6 30. Rd3 Be1 31. Rf3 Qa1 32. Kg2 Rb1 33. Qf4 Bc3 34. Qxf7+ 1-0

[Event "Scarborough CC Howard Ridout Swiss"]
[Site "Toronto CAN"]
[Date "2009.10.01"]
[Round "4"]
[White "Gillis, Doug"]
[Black "Paterson, Jim"]
[Result "1/2-1/2"]
[WhiteElo "1680"]
[BlackElo "1839"]
[PlyCount "49"]
[GameId "2160767910096808"]
[EventDate "2009.09.10"]
[EventType "swiss"]
[EventRounds "7"]
[EventCountry "CAN"]
[SourceTitle "EXT 2011"]
[Source "ChessBase"]
[SourceDate "2011.11.26"]
[SourceVersion "1"]
[SourceVersionDate "2011.11.26"]
[SourceQuality "1"]

1. e4 Nf6 2. Nc3 d6 3. d4 Nbd7 4. Nf3 g6 5. h3 e5 6. Be3 Bg7 7. Qd2 c6 8. O-O-O Qc7 9. dxe5 dxe5 10. Bc4 O-O 11. Bh6 Re8 12. Bxg7 Kxg7 13. Ng5 Nb6 14. Bxf7 Re7 15. Bb3 h6 16. Nf3 Be6 17. Qd6 Qxd6 18. Rxd6 Bxb3 19. axb3 Nbd7 20. g4 Nc5 21. Re1 g5 22. b4 Na6 23. b5 Nb4 24. bxc6 bxc6 25. Red1 1/2-1/2

[Event "Scarborough CC Howard Ridout Swiss"]
[Site "Toronto CAN"]
[Date "2009.10.01"]
[Round "4"]
[White "Jizan, Masoud"]
[Black "Kurkowski, Ken"]
[Result "1-0"]
[WhiteElo "1718"]
[BlackElo "1690"]
[PlyCount "65"]
[GameId "2160767910096809"]
[EventDate "2009.09.10"]
[EventType "swiss"]
[EventRounds "7"]
[EventCountry "CAN"]
[SourceTitle "EXT 2011"]
[Source "ChessBase"]
[SourceDate "2011.11.26"]
[SourceVersion "1"]
[SourceVersionDate "2011.11.26"]
[SourceQuality "1"]

1. d4 e6 2. c4 f5 3. Nc3 Nf6 4. Nf3 d5 5. Bf4 Bd6 6. Ne5 c6 7. e3 O-O 8. Bd3 Qe8 9. c5 Bc7 10. Qc2 Nbd7 11. Nxd7 Qxd7 12. Bg5 Qf7 13. Bh4 Bd7 14. f3 Rae8 15. Qa4 a6 16. Qc2 e5 17. O-O-O e4 18. fxe4 fxe4 19. Be2 Qg6 20. Bxf6 Rxf6 21. g4 Rf2 22. h3 Ref8 23. Qb3 Bc8 24. h4 Rg2 25. Rdf1 Rff2 26. Rxf2 Rxf2 27. h5 Qf7 28. Re1 Bd8 29. Nxe4 dxe4 30. Bc4 Be6 31. Bxe6 Bg5 32. Bxf7+ Rxf7 33. Rf1 1-0

[Event "Scarborough CC Howard Ridout Swiss"]
[Site "Toronto CAN"]
[Date "2009.10.01"]
[Round "4"]
[White "Mesiti, Silvano"]
[Black "Corvo, Paul"]
[Result "1-0"]
[WhiteElo "1774"]
[BlackElo "1814"]
[PlyCount "54"]
[GameId "2160767910096810"]
[EventDate "2009.09.10"]
[EventType "swiss"]
[EventRounds "7"]
[EventCountry "CAN"]
[SourceTitle "EXT 2011"]
[Source "ChessBase"]
[SourceDate "2011.11.26"]
[SourceVersion "1"]
[SourceVersionDate "2011.11.26"]
[SourceQuality "1"]

1. e4 e5 2. Nf3 Nc6 3. Nc3 Nf6 4. Bc4 Bc5 5. O-O O-O 6. d3 h6 7. a3 d6 8. b4 Bb6 9. Na4 Be6 10. Bxe6 fxe6 11. c3 Qd7 12. Qb3 Rf7 13. Nxb6 axb6 14. h3 Raf8 15. Be3 Ne7 16. a4 Ng6 17. a5 Nh5 18. axb6 Nhf4 19. Ne1 Qe7 20. bxc7 Qg5 21. Kh2 Qh4 22. Qc4 d5 23. Qc5 Nxh3 24. gxh3 d4 25. Ng2 Qh5 26. c8=Q Rxc8 27. Qxc8+ Nf8 1-0

[Event "Scarborough CC Howard Ridout Swiss"]
[Site "Toronto CAN"]
[Date "2009.10.01"]
[Round "4"]
[White "Moffat, Andrei"]
[Black "Krupka, David"]
[Result "1-0"]
[WhiteElo "2210"]
[BlackElo "2144"]
[PlyCount "80"]
[GameId "2160767910096811"]
[EventDate "2009.09.10"]
[EventType "swiss"]
[EventRounds "7"]
[EventCountry "CAN"]
[SourceTitle "EXT 2011"]
[Source "ChessBase"]
[SourceDate "2011.11.26"]
[SourceVersion "1"]
[SourceVersionDate "2011.11.26"]
[SourceQuality "1"]

1. e4 c6 2. Nc3 d5 3. Qf3 dxe4 4. Nxe4 Nf6 5. Nxf6+ exf6 6. Qg3 Bf5 7. d3 Qa5+ 8. Bd2 Qe5+ 9. Qxe5+ fxe5 10. O-O-O Nd7 11. Nf3 O-O-O 12. Ba5 Re8 13. h3 c5 14. g4 Be6 15. Bg2 f6 16. a3 Nb8 17. Nd2 b6 18. Bc3 Kc7 19. Nc4 Nc6 20. Rhe1 g5 21. Be4 Bd6 22. Ne3 Ne7 23. b4 h5 24. Kb2 hxg4 25. hxg4 Rh4 26. f3 Nc6 27. b5 Nd4 28. a4 Rh3 29. Ra1 Nxf3 30. Rh1 Rxh1 31. Rxh1 Nd4 32. Bd2 Ne2 33. Bc6 Rf8 34. a5 Nd4 35. axb6+ axb6 36. Bd5 Bd7 37. c4 Kd8 38. Re1 Bc7 39. Bc3 Kc8 40. Ra1 Nb3 1-0

[Event "Scarborough CC Howard Ridout Swiss"]
[Site "Toronto CAN"]
[Date "2009.10.01"]
[Round "4"]
[White "Moran-Venegas, Mario"]
[Black "Humphreys, Michael"]
[Result "0-1"]
[WhiteElo "1762"]
[BlackElo "2209"]
[PlyCount "78"]
[GameId "2160767910096812"]
[EventDate "2009.09.10"]
[EventType "swiss"]
[EventRounds "7"]
[EventCountry "CAN"]
[SourceTitle "EXT 2011"]
[Source "ChessBase"]
[SourceDate "2011.11.26"]
[SourceVersion "1"]
[SourceVersionDate "2011.11.26"]
[SourceQuality "1"]

1. e4 c6 2. d4 d5 3. exd5 cxd5 4. c4 Nf6 5. Nc3 e6 6. Nf3 Be7 7. cxd5 Nxd5 8. Bb5+ Bd7 9. O-O Bxb5 10. Nxb5 O-O 11. Bd2 Nc6 12. a3 Bf6 13. Be3 Qb6 14. Qe2 a6 15. Nc3 Nxd4 16. Bxd4 Bxd4 17. Nxd4 Qxd4 18. Nxd5 Qxd5 19. Rfd1 Qb3 20. Rd3 Qb5 21. Qd2 Rac8 22. Rd1 Qa4 23. Rd4 Qc2 24. Qb4 b5 25. R4d2 Qc7 26. Qh4 Qc4 27. Qe7 Rc7 28. Qd6 Qc6 29. Qd4 Qc5 30. Qd3 g6 31. h3 Rfc8 32. Qg3 Qf5 33. Qd6 Rc6 34. Qd7 h5 35. Qb7 Kg7 36. Rd3 R8c7 37. Qb8 Rc1 38. Rxc1 Rxc1+ 39. Kh2 Qxd3 0-1

[Event "Scarborough CC Howard Ridout Swiss"]
[Site "Toronto CAN"]
[Date "2009.10.01"]
[Round "4"]
[White "Morra, Lui"]
[Black "Rapoport, Alexander"]
[Result "0-1"]
[WhiteElo "1612"]
[BlackElo "1814"]
[PlyCount "54"]
[GameId "2160767910096813"]
[EventDate "2009.09.10"]
[EventType "swiss"]
[EventRounds "7"]
[EventCountry "CAN"]

1. e4 e5 2. Nf3 d6 3. d4 Nd7 4. Bc4 c6 5. c3 Be7 6. Qb3 Ngf6 7. Bxf7+ Kf8 8. O-O Nxe4 9. Re1 d5 10. Be6 exd4 11. Nxd4 Ndc5 12. Qd1 Nxe6 13. Nxe6+ Bxe6 14. f3 Qb6+ 15. Be3 Bc5 16. Bd4 Bxd4+ 17. cxd4 Qxb2 18. fxe4 Qxa1 19. exd5 Bxd5 20. Qd2 Qxa2 21. Qf4+ Kg8 22. Qg3 Qxg2+ 23. Qxg2 Bxg2 24. Kxg2 Kf7 25. Rf1+ Ke6 26. Re1+ Kd6 27. Rf1 Rhf8 0-1

[Event "Scarborough CC Howard Ridout Swiss"]
[Site "Toronto CAN"]
[Date "2009.10.01"]
[Round "4"]
[White "Moysoski, Randy"]
[Black "Sellars, Karl"]
[Result "1-0"]
[WhiteElo "1894"]
[BlackElo "2268"]
[PlyCount "81"]
[GameId "2160767910096814"]
[EventDate "2009.09.10"]
[EventType "swiss"]
[EventRounds "7"]
[EventCountry "CAN"]
[SourceTitle "EXT 2011"]
[Source "ChessBase"]
[SourceDate "2011.11.26"]
[SourceVersion "1"]
[SourceVersionDate "2011.11.26"]
[SourceQuality "1"]

1. e4 e6 2. Nf3 d5 3. Nc3 Bb4 4. e5 d4 5. Ne4 Qd5 6. Bd3 Nc6 7. c4 dxc3 8. dxc3 Be7 9. Bf4 f5 10. exf6 Nxf6 11. Nxf6+ gxf6 12. Qc2 e5 13. Bg3 Qf7 14. Qb3 Qxb3 15. axb3 Bd6 16. b4 Be6 17. Bc2 O-O 18. O-O Ne7 19. Rfe1 a6 20. h3 Kg7 21. Nd2 Ng6 22. h4 h5 23. Bd1 Kh6 24. Bf3 c6 25. Ne4 Be7 26. Nc5 Bxc5 27. bxc5 Rad8 28. Rad1 Bb3 29. Rd6 Rxd6 30. cxd6 Rd8 31. Be4 Nf4 32. Bxf4+ exf4 33. Bf5 Rxd6 34. Re7 Bg8 35. Rxb7 Rd5 36. Be4 Rb5 37. Bxc6 Ra5 38. Bf3 Ra1+ 39. Kh2 a5 40. Rb6 Kg7 41. Bxh5 1-0

[Event "Scarborough CC Howard Ridout Swiss"]
[Site "Toronto CAN"]
[Date "2009.10.01"]
[Round "4"]
[White "Pedersen, Rune"]
[Black "Hall, John2"]
[Result "1/2-1/2"]
[WhiteElo "2076"]
[BlackElo "2257"]
[PlyCount "45"]
[GameId "2160767910096815"]
[EventDate "2009.09.10"]
[EventType "swiss"]
[EventRounds "7"]
[EventCountry "CAN"]
[SourceTitle "EXT 2011"]
[Source "ChessBase"]
[SourceDate "2011.11.26"]
[SourceVersion "1"]
[SourceVersionDate "2011.11.26"]
[SourceQuality "1"]

1. e4 e5 2. Nf3 Nf6 3. Nc3 Nc6 4. g3 Bc5 5. Bg2 d6 6. d3 a6 7. O-O O-O 8. h3 Be6 9. Be3 Bxe3 10. fxe3 Qd7 11. Ng5 h6 12. Nxe6 fxe6 13. Qe2 Qf7 14. Kh2 Qg6 15. Bf3 Rad8 16. Qg2 Rd7 17. Rf2 Qg5 18. Re1 Rdf7 19. Nd1 Nd8 20. h4 Ng4+ 21. Bxg4 Qxg4 22. Rxf7 Rxf7 23. Rf1 1/2-1/2